A importância dos exames neurológico e radiográfico no diagnóstico de lesões cervicais em equino: relato de caso (Registro n. 300769)
[ somente texto ]
| 000 -LÍDER | |
|---|---|
| fixed length control field | 04536nab a2200385 i 4500 |
| 003 - CÓDIGO MARC DA AGÊNCIA CATALOGADORA | |
| Campo de controle | BR-BrBNA |
| 005 - DATA E HORA DA ÚLTIMA ATUALIZAÇÃO | |
| Campo de controle | 20240807115943.0 |
| 008 - CAMPO DE TAMANHO FIXO | |
| fixed length control field | 240807b2017 bl.|r|pooa||| 00| 0 por | |
| 040 ## - FONTE DA CATALOGAÇÃO | |
| Agência catalogadora | BR-BrBNA |
| Idioma da catalogação | por |
| 072 ## - CATEGORIA AGRIS | |
| Código AGRIS | L74 |
| Código do objeto | 5120 |
| 072 ## - CATEGORIA AGRIS | |
| Código AGRIS | L70 |
| 100 ## - ENTRADA PRINCIPAL - NOME PESSOAL | |
| Nome pessoal | Rivera, G.G. |
| 100 ## - ENTRADA PRINCIPAL - NOME PESSOAL | |
| Nome pessoal | Bueno, G.M. |
| 100 ## - ENTRADA PRINCIPAL - NOME PESSOAL | |
| Nome pessoal | Paula, V.B. |
| 100 ## - ENTRADA PRINCIPAL - NOME PESSOAL | |
| Nome pessoal | Santo, M.Q.P. |
| 100 ## - ENTRADA PRINCIPAL - NOME PESSOAL | |
| Nome pessoal | Matsui, A. |
| 100 ## - ENTRADA PRINCIPAL - NOME PESSOAL | |
| Nome pessoal | Escoba, A. |
| 100 ## - ENTRADA PRINCIPAL - NOME PESSOAL | |
| Nome pessoal | Vasconcelos, R.O. |
| 100 ## - ENTRADA PRINCIPAL - NOME PESSOAL | |
| Nome pessoal | Canola, J.C. |
| 100 ## - ENTRADA PRINCIPAL - NOME PESSOAL | |
| Nome pessoal | Canola, J.C. |
| 100 ## - ENTRADA PRINCIPAL - NOME PESSOAL | |
| Nome pessoal | Lacerda-Neto, J.C. |
| 245 ## - TÍTULO PRINCIPAL | |
| Título principal | A importância dos exames neurológico e radiográfico no diagnóstico de lesões cervicais em equino: relato de caso |
| 500 ## - NOTA GERAL | |
| Nota geral | Publicação online; 12 ref.; Summaries (En, Pt) |
| 942 ## - ADDED ENTRY ELEMENTS (KOHA) | |
| Koha item type | |
| 520 ## - NOTA DE RESUMO | |
| Nota de conteúdo | <br/><br/>RESUMO - As lesões vertebrais cervicais são relativamente comuns nos equinos. No entanto, são poucas as descrições a respeito desse tema na literatura. Acredita-se que esse fato se deva, em parte, às limitações relacionadas ao diagnóstico. Em virtude de um traumatismo cervical, o animal pode apresentar sinais clínicos de paresia e paraplegia até tetraparesia ou tetraplegia, que podem culminar em estado comatoso e, eventualmente, em morte. Esses sinais clínicos podem ser detectados no exame físico, porém, quando associado à imaginologia (avaliação radiográfica), permite a obtenção de diagnóstico mais preciso da lesão. Consequentemente, um prognóstico mais adequado pode ser estabelecido para o paciente. Em face do exposto, apresenta-se o caso de uma égua Mangalarga, de quatro anos de idade, com sinais de tetraplegia pós-trauma, aumento de tônus muscular e paralisia espástica, com hiperreflexia, nos quatros membros. Por meio dos exames neurológicos realizados na paciente, em associação com as imagens radiográficas convencionais e contrastadas, foi possível estabelecer o diagnóstico do quadro. O animal apresentava lesões envolvendo as duas primeiras vértebras cervicais, atlas (C1) e áxis (C2), e a quinta e a sexta vértebra (C5-C6), destacando fratura de C1, deslocamento do dente de C2 e subluxação entre C5 e C6, com compressão ventrodorsal da medula espinhal. Confirmadas as suspeitas neurológicas e mediante prognóstico desfavorável, o animal foi submetido à eutanásia, com consentimento do proprietário. As lesões observadas nas imagens radiográficas foram confrontadas e confirmadas na necropsia.<br/><br/><br/>Palavras-chave: cavalo, compressão medular, fratura, imaginologia, pescoço |
| 520 ## - NOTA DE RESUMO | |
| Nota de conteúdo | <br/><br/>ABSTRACT - Cervical vertebral lesions are relatively common in equine patients, but its diagnosis seems challenging for the clinician. Clinical signs most commonly associated with this clinical feature are paresis, paraplegia, tetraparesis, tetraplegia, which may lead the patient to a comatose state, and even death. Fortunately, these clinical signs can be perceived during physical examination. All of which, alongside imaging techniques, may allow a precise diagnose of the location of lesions and prediction of a prognosis for the patient. We present a case report of a Mangalarga mare, with four years of age, presenting signs of post-traumatic tetraplegia with spastic paralysis with increased muscular tonus and hyperreflexia in all four limbs. A thorough neurological examination of the patient associated with conventional and contrast medium radiographic imaging of the cervical region identified lesions at the atlas (C1) and axis (C2, and fifth (C5) and sixth (C6) cervical vertebrae. Fracture of the atlas vertebrae, dislocation of the axis’ dens as well as subluxation of C5-C6 causing ventrodorsal medullary compression of the spinal cord were diagnosed radiographically. Due to the extent of the lesions the animal was euthanatized with the owner’s consent. All lesions identified radiographically were posteriorly confirmed during post-mortem examination.<br/><br/><br/>Keywords: equine, fracture, imaging, medullary compression, neck |
| 650 ## - ASSUNTO - THESAGRO | |
| Cabeçalho tópico ou nome geográfico | CAVALO |
| 650 ## - ASSUNTO - THESAGRO | |
| Cabeçalho tópico ou nome geográfico | FRATURA |
| 650 ## - ASSUNTO - THESAGRO | |
| Cabeçalho tópico ou nome geográfico | PESCOÇO |
| 650 ## - ASSUNTO - THESAGRO | |
| Cabeçalho tópico ou nome geográfico | DISTÚRBIO FISIOLÓGICO |
| 650 ## - ASSUNTO - THESAGRO | |
| Cabeçalho tópico ou nome geográfico | MEDULA ESPINAL |
| 773 0# - ENTRADA ANALÍTICA | |
| Host Biblionumber | 1643 |
| Registro do item | 316504 |
| Imprenta | Belo Horizonte-MG Universidade Federal de Minas Gerais - Escola de Veterinaria 1983 |
| Outro identificador | 2024-2999 |
| Título | Arquivo Brasileiro de Medicina Veterinária e Zootecnia (Brazil) |
| ISSN | 0102-0935 |
| Colação | v. 69(6) p. 1413-1418; (2017) |
| Número de controle de registro | BR2024002228 |
| 856 ## - ACESSO E ENDEREÇO ELETRÔNICO | |
| Identificador uniforme de recurso - URI | https://www.scielo.br/j/abmvz/a/GJ4LMgjLhdW5JJhY7kGYBgb/?format=pdf&lang=pt |
Nenhum exemplar disponível.

BINAGRI